000 00632nam a22002297a 4500
003 UA-OsUOA
001 52002
007 ta
008 20080129b un ||||| |||| 00| 0 ukr d
100 _aНовиченко Л.
090 _a821.161.2
_bН73
942 _cBK
040 _aUA-OsUOA
_bukr
_cUA-OsUOA
_dUA-OsUOA
245 _aПоезія і революція
_bКнига про Павла Тичину
300 _a365 с.
955 _a3
041 _aukr
080 _a821.161.2
260 _aК.
_bДніпро
_c1979
650 7 _a82 Література. Літературознавство
_2UDC
999 _c338088
_d338088